Кристаллическая структура минералов / (Record no. 467083)
[ view plain ]
| 000 -LEADER | |
|---|---|
| fixed length control field | 01356cam a2200253 i 4500 |
| 001 - CONTROL NUMBER | |
| control field | 000007890 |
| 003 - CONTROL NUMBER IDENTIFIER | |
| control field | AM-YeHGA |
| 005 - DATE AND TIME OF LATEST TRANSACTION | |
| control field | 20250617161159.0 |
| 008 - FIXED-LENGTH DATA ELEMENTS--GENERAL INFORMATION | |
| fixed length control field | 030122s1967 ai r 000 0 rus d |
| 040 ## - CATALOGING SOURCE | |
| Original cataloging agency | AM-YeHGA |
| 090 ## - LOCALLY ASSIGNED LC-TYPE CALL NUMBER (OCLC); LOCAL CALL NUMBER (RLIN) | |
| -- | 470309 |
| 100 1# - MAIN ENTRY--PERSONAL NAME | |
| Personal name | Брэгг, У.Л. |
| 245 10 - TITLE STATEMENT | |
| Title | Кристаллическая структура минералов / |
| Statement of responsibility, etc. | У.Л. Брэгг, Г.Ф. Кларингбулл ; Пер. с англ. В.Б. Александрова и др. ; Под ред. и с предисл. В.А. Франк-Каменецкого. |
| 260 ## - PUBLICATION, DISTRIBUTION, ETC. | |
| Place of publication, distribution, etc. | Москва : |
| Name of publisher, distributor, etc. | Мир, |
| Date of publication, distribution, etc. | 1967. |
| 300 ## - PHYSICAL DESCRIPTION | |
| Extent | 389[3] с. |
| 440 #0 - SERIES STATEMENT/ADDED ENTRY--TITLE | |
| Title | Науки о Земле: Фундаментальные труды зарубежных ученых по геологии,геофизике и геохимии ; |
| Volume/sequential designation | Т. 1 |
| 500 ## - GENERAL NOTE | |
| General note | Предметный указ.: с.383-389 |
| 504 ## - BIBLIOGRAPHY, ETC. NOTE | |
| Bibliography, etc. note | Библиогр. в конце глав |
| 534 ## - ORIGINAL VERSION NOTE | |
| Introductory phrase | Оригинал на англ. : |
| -- | Crystal structures of minerals / |
| Main entry of original | Sir Lawrence Bragg, G. F. Claringbull - |
| Publication, distribution, etc. of original | London : G. Bell and Sons LTD : 1965 |
| 650 14 - SUBJECT ADDED ENTRY--TOPICAL TERM | |
| Topical term or geographic name entry element | Тонкая структура кристаллов |
| 700 1# - ADDED ENTRY--PERSONAL NAME | |
| Personal name | Кларингбулл, Г.Ф. |
| 700 1# - ADDED ENTRY--PERSONAL NAME | |
| Personal name | Александров, В.Б. |
| Relator term | пер. |
| Relationship | trl |
| 700 1# - ADDED ENTRY--PERSONAL NAME | |
| Personal name | Франк-Каменецкий, В.А |
| Relator term | ред. |
| Relationship | edt |
| Relator term | предисл. |
| Relationship | aui |
| Withdrawn status | Lost status | Damaged status | Not for loan | Collection | Home library | Current library | Date acquired | Total checkouts | Full call number | Barcode | Date last seen | Price effective from | Koha item type | Public note | Source of classification or shelving scheme |
|---|---|---|---|---|---|---|---|---|---|---|---|---|---|---|---|
| General | Fundamental Scientific Library | Fundamental Scientific Library | 01/03/2018 | PIII/23863 | FL0485013 | 01/03/2018 | 01/03/2018 | Գրքեր / Books | 30 Days Loan | ||||||
| General | Fundamental Scientific Library | Fundamental Scientific Library | 01/03/2018 | PIII/23864 | FL0485014 | 01/03/2018 | 01/03/2018 | Գրքեր / Books | 30 Days Loan | ||||||
| General | Fundamental Scientific Library | Fundamental Scientific Library | 01/03/2018 | PIII/23654 | FL0485760 | 01/03/2018 | 01/03/2018 | Գրքեր / Books | 30 Days Loan | Universal Decimal Classification |
ՀՀ Գիտությունների ազգային ակադեմիայի հիմնարար գիտական գրադարան = Fundamental Scientific Library of NAS RA
All site content, except where otherwise noted, is licensed under a